000 00431nam a2200169 a 4500
001 0000-9266
003 ELIB.Books
008 110520 1971
035 _a(ELIB.Books)0000-9418
082 _a225.67
_bMck
100 _aMcknight, Edgar V.
245 _aWhat is from Criticism?
260 _bPhiladelphia: Fortress Press
_c1971
650 _aNew Testament
942 _2ddc
_cBK
998 _cbat
_e2011-05-20
999 _c9266
_d9266